000 02769nam a22005057a 4500
001 BRCA_9178
003 FranzMayer
005 20220809125056.0
008 220630b |||||||| |||| 00| 0 spa d
020 _a9786074176063
040 _cMFM
041 _aspa
043 _an-mx---
050 0 0 _aN72.S6
_bI43 2019
245 0 4 _aLas imágenes y sus laberintos /
_cAna Torres Arroyo, coordinadora.
250 _aPrimera edición.
264 1 _aCiudad de México :
_bUniversidad Iberoamericana,
_c2019.
300 _a214 p. :
_bilustraciones e imágenes fotográficas (algunas c.) ;
_c23 cm
336 _atext
_btxt
_2rdacontent
336 _2rdacontent
337 _aunmediated
_bn
_2rdamedia
338 _avolume
_bnc
_2rdacarrier
490 _aSerie Roja de Arte
500 _aUbicación: L60-N1
504 _aIncluye referencias bibliográficas
505 8 _aIncluye un ensayo sobre Hugo Brehme (15-32 p.)
505 8 _tPrólogo
505 8 _tMéxico pintoresco. Atribuciones y contribuciones /
_rMayra Mendoza Avilés
505 8 _tEntre celdas y reflectores: fotografía queer en el Archivo Casasola /
_rIván Acebo Cho
505 8 _tEl café de nadie /
_rIvonne Lonna Olvera
505 8 _tOrnamento y función /
_rNatalia de la Rosa
505 8 _tPaisaje de Atzcapotzalco de Juan O'Gorman /
_rFabiola Barreiro Álvarez
505 8 _tReferentes visuales de la masculinidad en el México de los años treinta /
_rDafne Cruz Porchini
505 8 _tSíntesis de Roberto Montenegro /
_rRenata Blaisten González
505 8 _tExterminio y La Madre España: enigma y melancolía en dos grabados de Celia Calderón /
_rIsabel Palomar Duclaud
505 8 _tNahui y el Capitán Agacino en Nueva York: dos cuerpos frente a frente /
_rDina Comisarenco Mirkin
505 8 _tEstética y política en la imaginario femenino de Maria Izquierdo /
_rAna Torres Arroyo
520 _a"Los diez ensayos que conforman este libro son el fruto de profundas investigaciones que nos permiten hacer un recorrido visual por el complejo y fascinante periodo histórico de la primera mitad del siglo XX mexicano. Los ensayos son estudios sobre fotografía, literatura, arquitectura, murales, grabados y pinturas que muestran fragmentos del desarrollo plural y diverso de la cultura visual posrevolucionaria a través de la historia de ciertas imágenes que nos permiten establecer interrelaciones entre lo político, lo social y lo estético."
_cProporcionado por el editor.
650 0 _aArte y sociedad
_zMéxico
_xHistoria
_ySiglo XX
_928385
650 0 _aArte
_zMéxico
_xHistoriografía
_ySiglo XIX
_928386
650 7 _aHistoriografía
_zMéxico
_928387
700 1 _aTorres Arroyo, Ana María,
_ecoord.
_928388
942 _2lcc
_cB
999 _c10797
_d10797